[Event "3rd Sharjah Masters 2019"]
[Site "Sharjah"]
[Date "2019.03.22"]
[Round "1.10"]
[White "Paramzina, Anastasya"]
[Black "Mareco, Sandro"]
[Result "1-0"]
[WhiteElo "2196"]
[BlackElo "2666"]
[Annotator "TA"]
[PlyCount "147"]
[EventDate "2019.03.22"]
[EventType "swiss"]
[EventCountry "UAE"]
[SourceTitle "playchess.com"]
[Source "ChessBase"]
[SourceQuality "1"]

{[%evp 10,147,-3,0,12,10,18,-18,0,-40,-30,-35,-35,-35,-25,-33,-6,-10,-14,-36,-33,-100,-90,-84,-85,-102,-47,-94,-40,-46,-43,-35,-36,-75,-44,-54,-48,-100,-94,-94,-72,-79,-79,-85,-70,-68,27,-102,-78,-89,-73,-172,-167,-168,-159,-160,-150,-176,-160,-131,-30,-39,-50,-47,-55,-39,0,0,-6,-6,-8,-8,-8,-169,-164,-222,0,0,0,0,0,-117,175,180,788,766,29993,1120,609,505,3868,3088,864,864,717,521,510,510,475,425,425,425,425,425,418,418,418,418,421,414,482,482,2252,2140,1392,326,1392,1115,6049,5793,2175,0,1034,604,4754,3631,5883,4794,5949,5933,29979,29980,29980,29980,29980,29981,29982,29983,29985,29986]} 1. e4 c5 2. Be2 Nc6 3. d3 g6 4. f4 Bg7 5. Nf3 d6 6. O-O Nh6 {B21: Sicilian: 2 f4 and Morra Gambit} 7. c3 O-O 8. Kh1 f5 {The position is equal.} 9. e5 dxe5 10. fxe5 e6 $146 ({Predecessor:} 10... f4 11. d4 cxd4 12. cxd4 Nf5 13. Bc4+ Kh8 14. Bxf4 Nfxd4 {0-1 (45) Stevic,H (2611)-Smith,B (2466) Zagreb 2011}) 11. d4 Nf7 12. Na3 cxd4 13. cxd4 b6 14. Nc2 Bb7 15. Bd2 (15. Bc4 $15) 15... g5 $17 16. Bc3 Ne7 17. Bb4 Qd7 (17... g4 $17 18. Nd2 a5) 18. a4 Rfd8 (18... Rfc8 $17) 19. Bb5 $15 Nc6 $1 20. Bc3 g4 21. Nd2 a6 22. Bc4 Ne7 23. Nb4 ({Better is} 23. Qe2 $15) 23... a5 24. Nd3 Bh6 25. Nf4 Bxf4 $40 {[%mdl 128] Black goes for the king.} 26. Rxf4 Nd5 27. Bxd5 Qxd5 (27... Bxd5 $15 28. Nf1 Ng5) 28. Qe2 (28. Ne4 $1 $11 Kh8 29. Qe2) 28... Nh8 29. Rf2 Ng6 30. Qb5 (30. Re1 $17) 30... Qxb5 $19 31. axb5 Rac8 32. Ra4 {intending Nc4.} Rd5 33. Nc4 Rxb5 34. Kg1 {next Nd6 is good for White.} Rc7 (34... Ba6 $17 35. g3 Rb4 36. Rxb4 axb4) 35. Nd6 $11 Rb3 36. Nxb7 Rxb7 37. d5 $1 {[%cal Rd5e6]} b5 ({Much worse is} 37... exd5 $6 38. Rxf5 g3 39. hxg3 $14) (37... Rd7 $5 {[%cal Rd7d5]} 38. dxe6 Rd1+ 39. Rf1 Rxf1+ 40. Kxf1 Kf8 $15) 38. Rxa5 b4 39. Ra8+ Kg7 40. Bd2 $1 exd5 41. Rxf5 $2 (41. Bg5 $11 {and White has nothing to worry.}) 41... Rxb2 $19 42. Bg5 (42. Bc1 $142 Rc2 43. Bg5) 42... Re2 $2 ({Black should try} 42... Rb1+ $19 43. Kf2 h6 44. Bf6+ Kh7) 43. Bf6+ $1 $11 Kf7 {And now ...b3 would win.} 44. Ra6 $1 Ne7 45. Rf1 (45. Rg5 $11 {remains equal.} Ng6 46. Rf5) 45... Ng8 $2 {[%mdl 8192] [#]} (45... b3 $17 {keeps the pressure on. Strongly threatening ...b2.} 46. e6+ Kg6 47. Bxe7 Rxe7) 46. e6+ $1 $18 {[%mdl 512]} Kg6 $2 {[#]} (46... Rxe6 47. Bh4+ Nf6 48. Rxf6+ Rxf6 49. Bxf6 Kg6 50. Bb2+ Kf5) 47. e7 $1 Nxe7 48. Bxe7+ (48. Bb2+ $142 Kh5 49. Bc1 Rb6 50. Rxb6 Re6 51. Rxe6 Ng8 52. Rf5+ {[%mdl 64] Double Attack} Kh4 53. g3+ Kh3 54. Rh5#) 48... Kg7 49. Bf8+ Kg8 (49... Kh8 $142 50. Ra8 h5 51. Bxb4+ {[%mdl 64] Discovered Attack} Kh7) 50. Bh6 {[%csl Gh6][%cal Rf1f8]} Re8 51. Raf6 {White threatens Rf8+ and mate.} Rbb8 52. R6f4 Kh8 53. Rxg4 {Bg7+ would kill now.} Rg8 54. Rxg8+ Kxg8 {[%mdl 4096] Endgame KRB-KR} 55. Kf2 Kf7 56. Ke3+ Ke6 57. Kd4 b3 58. Re1+ Kf5 59. Kxd5 Ra8 60. h3 Ra2 (60... Rd8+ $142 61. Kc4 b2 62. g4+ Kf6) 61. g4+ Kg6 62. Re6+ Kf7 {...Ra5+ is the strong threat.} 63. Rb6 b2 64. Rb7+ Kg6 65. Rb6+ Kf7 66. Rb3 Ra6 67. Bf4 Ra5+ 68. Ke4 Ra3 69. Rxb2 Rxh3 70. Kf5 {White mates.} Rf3 71. Rb7+ Kg8 72. Kg5 Rf1 73. Be5 Rh1 74. Kf6 {Accuracy: White = 58%, Black = 44%.} 1-0

[Event "3rd Sharjah Masters 2019"]
[Site "Sharjah"]
[Date "2019.03.22"]
[Round "1.11"]
[White "Firouzja, Alireza"]
[Black "Zarkovic, Mila"]
[Result "1-0"]
[WhiteElo "2657"]
[BlackElo "2187"]
[Annotator "TA"]
[PlyCount "43"]
[EventDate "2019.03.22"]
[EventType "swiss"]
[EventCountry "UAE"]
[SourceTitle "playchess.com"]
[Source "ChessBase"]
[SourceQuality "1"]

{[%evp 15,43,51,75,60,124,117,120,127,159,147,189,199,187,194,313,227,258,251,241,241,558,545,1668,1615,1592,1589,2633,641,2219,1547]} 1. e4 c5 2. Nf3 d6 3. Nc3 a6 4. g3 b5 5. d4 cxd4 6. Nxd4 Bb7 7. Bg2 Nf6 8. O-O e6 9. Re1 {B91: Sicilian Najdorf: 6 g3} Nfd7 (9... Qd7 $14) 10. a4 $16 bxa4 11. Rxa4 {White is better.} Be7 $146 ({Predecessor:} 11... Nb6 12. Ra1 Be7 13. Qg4 h5 14. Qe2 g6 15. h4 N8d7 16. Nb3 Qc7 {½-½ (40) Lopez Velez,M (2331)-Granda Zuniga,J (2599) Salinas 2005}) 12. Rb4 Nc5 13. Rxb7 Nxb7 {[#]} 14. e5 $1 d5 {[#]} (14... dxe5 $142 15. Nxe6 (15. Bxb7 exd4 16. Bxa8 dxc3 $14) (15. Rxe5 Bf6 $11) 15... Qxd1 16. Nc7+ (16. Nxd1 fxe6 17. Be3 Nd7 $15) (16. Nxg7+ Kf8 $16) 16... Kd8 17. Rxd1+ (17. Nxd1 $2 Kxc7 18. Nc3 Bc5 $19) 17... Kxc7) 15. Nxd5 $1 {[%mdl 512]} exd5 {[#]} 16. Nf5 $1 {[%csl LRd5,LRg7][%cal Rf5g7]} O-O 17. Bxd5 {Strongly threatening e6.} Bc5 $2 (17... Nd7 {is tougher.} 18. e6 (18. Bxb7 Rb8 $16) 18... fxe6) 18. b4 $18 {White is clearly winning.} (18. Bxb7 Bxf2+ 19. Kxf2 Qb6+ 20. Be3 Qxb7 $16) 18... Bb6 19. Qg4 {[%csl Gf5][%cal Rg4g7]} g6 20. e6 Qf6 21. e7 (21. exf7+ $142 Kh8 22. Re6) 21... Re8 {[#]} 22. Bxf7+ $1 {[%mdl 576] Double Attack. Accuracy: White = 81%, Black = 14%.} 1-0

[Event "3rd Sharjah Masters 2019"]
[Site "Sharjah"]
[Date "2019.03.22"]
[Round "1.12"]
[White "Gokhale, Chandrashekhar"]
[Black "Iturrizaga Bonelli, Eduardo"]
[Result "0-1"]
[WhiteElo "2185"]
[BlackElo "2639"]
[Annotator "TA"]
[PlyCount "90"]
[EventDate "2019.03.22"]
[EventType "swiss"]
[EventCountry "UAE"]
[SourceTitle "playchess.com"]
[Source "ChessBase"]
[SourceQuality "1"]

{[%evp 9,90,-6,4,-9,-2,-7,-7,0,-1,-14,13,6,0,-6,40,-9,0,-9,0,0,17,0,0,0,0,0,-4,-8,0,0,10,-52,0,-14,0,0,0,-4,0,0,0,-48,-29,-33,-23,-29,-39,-12,29,37,68,-73,66,10,213,108,141,146,181,159,169,120,104,12,4,-92,0,0,0,0,78,56,32,-75,-69,-210,-198,-737,-740,-733,-703,-1066,-974]} 1. Nf3 c5 2. g3 g6 3. Bg2 Bg7 4. O-O Nc6 5. d3 d6 6. c4 {A04: Unusual lines after 1 Nf3 and King's Indian Attack} (6. a3 e5 7. c4 a5 8. Nc3 Nge7 9. Ne1 Be6 10. Nd5 O-O 11. Bg5 f6 12. Bd2 Rb8 13. b4 axb4 14. axb4 Bxd5 15. cxd5 Nxb4 16. Bxb4 cxb4 17. Rb1 {½-½ (38) Kozul,Z (2608)-Brkic,A (2598) Jahorina 2018}) 6... e6 7. Nc3 Nge7 8. Rb1 {The position is equal.} O-O 9. a3 d5 10. cxd5 exd5 11. Bd2 b6 $146 ({Predecessor:} 11... c4 12. dxc4 dxc4 13. Qc1 Nf5 14. Nd1 Nfd4 15. Nxd4 Nxd4 16. Qxc4 Bf5 17. e4 {0-1 (37) Stoettinger,F (1703)-Waller,H (2108) Grieskirchen 1998}) 12. Na4 a5 13. Qb3 Rb8 14. Bf4 Rb7 15. Rfc1 h6 16. h4 Re8 17. Qb5 Na7 18. Qb3 Nac6 19. Qb5 Kh7 20. Kf1 (20. Re1 $11) 20... Qd7 (20... Na7 $5 21. Qb3 $8 f6 $11) 21. Qb3 Qe6 22. Nc3 Rd8 23. Nb5 Nf5 24. e3 Qe7 25. g4 Nxh4 26. Nxh4 Qxh4 27. Nd6 (27. Bxd5 $2 a4 $19) 27... Rxd6 28. Bxd6 Rd7 29. Bg3 $1 $36 {[%cal Rg3h4][%mdl 2048] White is more active.} ({But not} 29. Qxd5 $2 Ne5 $19) 29... Qd8 30. Qa4 (30. d4 $14 {stays ahead.}) 30... Ne7 (30... Ne5 $1 $17 {aiming for ...Ba6.} 31. Qd1 Ba6 32. Bxe5 Bxe5) 31. b4 (31. Kg1 $14) 31... Ba6 $2 (31... axb4 $1 $11 {and Black is okay.} 32. axb4 c4) 32. Qc2 ({Only move:} 32. bxc5 $18 Bxd3+ {[%mdl 64] Double Attack} 33. Kg1 Bxb1 34. Rxb1) 32... d4 {[#]} 33. e4 $1 ({And not} 33. bxc5 dxe3 34. Rd1 Bxd3+ 35. Rxd3 Rxd3 $17) 33... Bf8 34. bxa5 bxa5 35. Rb8 Nc8 36. Qb3 (36. e5 $16) 36... Qg5 $11 37. Qd1 (37. Rb1 $11 {remains equal.}) 37... Bxd3+ (37... Bd6 $17 38. Rxc8 Bxc8) 38. Kg1 Ba6 39. e5 Rd8 (39... d3 $1 $11) 40. f4 {[%mdl 1024] White has strong compensation.} Qe7 41. f5 {[#]} (41. Qd2 $14 {keeps the upper hand.}) 41... d3 $1 $17 42. Bf4 (42. Be4 $15) 42... c4 {...Qa7+ is the strong threat.} 43. Be4 $2 (43. Ra8 Bb7 44. Rxa5) 43... Qa7+ $19 {[%mdl 64] Double Attack. Black is clearly winning.} 44. Kg2 Qxb8 45. Qd2 Bb7 {Accuracy: White = 33%, Black = 41%.} 0-1

[Event "3rd Sharjah Masters 2019"]
[Site "Sharjah"]
[Date "2019.03.22"]
[Round "1.13"]
[White "Ganguly, Surya Shekhar"]
[Black "Singgih, Diajeng Theresa"]
[Result "1-0"]
[WhiteElo "2633"]
[BlackElo "2164"]
[Annotator "TA"]
[PlyCount "71"]
[EventDate "2019.03.22"]
[EventType "swiss"]
[EventCountry "UAE"]
[SourceTitle "playchess.com"]
[Source "ChessBase"]
[SourceQuality "1"]

{[%evp 17,71,20,35,41,42,41,40,34,62,41,56,69,68,68,65,64,82,9,3,0,105,123,142,148,147,145,158,143,146,109,125,87,79,91,80,89,105,13,28,0,0,0,257,253,333,346,29985,5397,29985,29986,29986,29987,29987,29988,29988,29989]} 1. e4 e5 2. Nf3 Nc6 3. Bb5 a6 4. Ba4 Nf6 5. O-O b5 6. Bb3 Bc5 7. a4 Bb7 8. d3 O-O 9. Nc3 b4 10. Nd5 {C78: Ruy Lopez: Archangelsk and Möller Defences} Nxd5 (10... h6 11. a5 d6 12. Be3 Nd7 13. c3 bxc3 14. bxc3 Rb8 15. Bc4 Bxe3 16. Nxe3 Kh7 17. Qc2 Ne7 {½-½ (69) Leko,P (2707)-Bachmann,A (2593) Berlin 2015}) 11. Bxd5 d6 12. a5 {White is slightly better.} Qc8 13. c3 Ne7 14. Bc4 bxc3 $146 ({Predecessor:} 14... h6 15. Re1 Ng6 16. Bd2 bxc3 17. bxc3 Qe8 18. d4 {1-0 (46) Boehnke,H (2325)-Lanin,B (2039) ICCF email 2015}) 15. bxc3 Ng6 16. Rb1 Bc6 17. Ng5 (17. Qe2 $16) 17... h6 $11 18. Qh5 $40 {[%mdl 128] Black needs to defend precisely.} Nh8 (18... hxg5 $11 {keeps the balance.} 19. Qxg6 Bb5 20. Qxg5 Bxc4 21. dxc4 Qe6) 19. Nf3 $16 {Bxh6! is the strong threat.} Bb5 20. Bxb5 axb5 21. d4 exd4 22. cxd4 Ba7 23. Rxb5 Qe8 24. Re1 c5 25. Rb7 {Black must now prevent Nh4.} cxd4 26. Qd5 {aiming for e5.} Bc5 27. e5 ({White should try} 27. Nxd4 $16 {And now Nf5 would win.} Bxd4 28. Qxd4) 27... Rxa5 $11 {Strongly threatening ...Bb4!} 28. e6 Qa8 29. exf7+ Rxf7 $2 {[%mdl 8192]} (29... Nxf7 $11 30. Qb3 Ra1) 30. Ree7 $18 {[%cal Re7f7]} Ra1 {[#]} 31. h3 $1 {[%cal Re7f7]} ({Inferior is} 31. Qc4 Kh7 $15) 31... Qa2 $2 (31... Rxc1+ $18 32. Kh2 Qf8) 32. Re8+ Kh7 {[#]} 33. Rxh8+ $1 {[%mdl 512] White mates.} Kxh8 {[#]} 34. Rb8+ $1 Kh7 35. Qe4+ g6 36. Qe8 {Accuracy: White = 68%, Black = 73%.} 1-0

[Event "3rd Sharjah Masters 2019"]
[Site "Sharjah"]
[Date "2019.03.22"]
[Round "1.14"]
[White "Gandhi, Anish"]
[Black "Adly, Ahmed"]
[Result "0-1"]
[WhiteElo "2156"]
[BlackElo "2611"]
[Annotator "TA"]
[PlyCount "78"]
[EventDate "2019.03.22"]
[EventType "swiss"]
[EventCountry "UAE"]
[SourceTitle "playchess.com"]
[Source "ChessBase"]
[SourceQuality "1"]

{[%evp 9,78,47,50,54,65,64,64,68,62,72,71,64,83,50,49,48,58,50,50,41,33,37,75,50,57,49,57,35,36,9,16,9,63,54,51,0,0,0,0,0,0,-21,0,0,13,0,17,3,0,0,0,0,15,-46,-40,-34,-33,-108,-12,-22,-20,-29,-39,-37,-36,-85,-80,-997,-1007,-29992,-659]} 1. e4 b6 2. d4 Bb7 3. Bd3 g6 4. Nf3 Bg7 5. O-O d6 6. c4 {B00: Queen's Fianchetto Defence, Nimzowitsch Defence} (6. Re1 e6 7. Nbd2 Nd7 8. c3 Ne7 9. a4 a6 10. Nf1 O-O 11. Ng3 e5 12. h4 d5 13. exd5 exd4 {1-0 (29) Nihal,S (2576)-Adly,A (2626) St Petersburg 2018}) 6... Nd7 7. Nc3 e5 8. d5 {White is slightly better.} Ne7 9. Be3 O-O 10. b4 c6 11. dxc6 Nxc6 12. Nd5 $146 h6 13. Qb3 Nd4 14. Nxd4 exd4 15. Bf4 Nf6 16. Rac1 Re8 17. Rfe1 Rc8 18. Qa4 Bc6 19. b5 Bxd5 20. exd5 Qc7 (20... Rxe1+ $11 21. Rxe1 Ng4) 21. Qb4 $14 Bf8 22. Qb2 (22. Qd2 $14) 22... Nd7 $11 23. Qc2 {Black must now prevent Rxe8.} Rxe1+ 24. Rxe1 Nc5 25. Rc1 Qe7 26. Bd2 Qf6 27. Bb4 Nd7 28. Qd2 h5 29. Bf1 Ne5 30. h3 Kh7 {[#] Strongly threatening ...Bh6.} 31. Rc2 (31. Re1 $11) 31... Bh6 32. Qd1 h4 33. Kh1 {[#]} (33. Bd2 $15) 33... Nd7 (33... Qf5 $1 $17 {Threatens to win with ...d3.} 34. Kg1 (34. Bxd6 d3 $15) 34... d3) 34. Qg4 Rc7 35. Ba3 Bf4 $36 {[%mdl 2048] ...d3! is the strong threat. Black is pushing.} 36. Bb2 Nc5 {[%cal Bd7c5,Bc5d3,Bd3f2][%mdl 32]} 37. Re2 Nd3 38. Ba1 $2 {[%mdl 8192]} (38. Qf3 $17 Qf5 39. g4 hxg3 40. fxg3 Bxg3 41. Qxf5 gxf5 42. Rd2 Nxb2 43. Rxb2) 38... Rxc4 $19 39. Re4 Nxf2+ {[%mdl 64] Double Attack. Accuracy: White = 34%, Black = 51%.} 0-1

[Event "3rd Sharjah Masters 2019"]
[Site "Sharjah"]
[Date "2019.03.22"]
[Round "1.15"]
[White "Zubov, Alexander"]
[Black "Al-Hajiri, Bader"]
[Result "1-0"]
[WhiteElo "2605"]
[BlackElo "2155"]
[Annotator "TA"]
[PlyCount "41"]
[EventDate "2019.03.22"]
[EventType "swiss"]
[EventCountry "UAE"]
[SourceTitle "playchess.com"]
[Source "ChessBase"]
[SourceQuality "1"]

{[%evp 9,41,21,46,24,29,19,16,22,24,18,79,48,79,16,41,48,64,68,83,63,103,81,211,219,231,233,321,293,325,281,726,743,1445,1333]} 1. d4 d5 2. c4 c6 3. Nf3 Nf6 4. e3 e6 5. b3 c5 (5... Bd6 6. Bb2 O-O 7. Bd3 Nbd7 8. O-O b6 9. Nbd2 Bb7 10. Ne5 c5 11. cxd5 exd5 12. f4 Re8 13. Qf3 cxd4 14. exd4 {½-½ (63) Riazantsev,A (2649)-Timofeev,A (2589) St Petersburg 2018}) 6. Bb2 {D30: Queen's Gambit Declined: Systems without Nc3} cxd4 7. exd4 Bb4+ 8. Nbd2 {The position is equal.} Nc6 9. a3 $146 ({Predecessor:} 9. Bd3 Ne4 10. a3 Nxd2 11. Nxd2 Bd6 12. O-O O-O 13. Qh5 g6 {1-0 (58) Rosen,M (2215)-Gilbert,E (1810) Montreal 2007}) 9... Bd6 (9... Bxd2+ $11 {keeps the balance.} 10. Qxd2 b6) 10. Bd3 (10. c5 $5 {[%cal Rc5d6]} Bc7 11. Bd3 $14) 10... O-O 11. Qe2 (11. c5 $16 Bf4 12. O-O) 11... dxc4 12. bxc4 e5 13. Nxe5 Qb6 14. Ndf3 Bxe5 15. dxe5 Bg4 {[#]} (15... Qa5+ $16 {is a better defense.} 16. Kf1 Re8) 16. O-O-O $1 $18 ({Don't do} 16. exf6 $6 Rfe8 $16) 16... Rfe8 {[#]} 17. Qc2 $1 Nd7 {[%cal Rc6e5]} 18. Bxh7+ Kh8 {[%cal Rc6e5]} 19. Bf5 ({Less strong is} 19. e6 Bxe6 20. Ng5 Nde5 $18) 19... Ndxe5 $2 (19... Bxf5 20. Qxf5 {[%mdl 64] Double Attack} Nf8 21. Qxf7 Re7 22. Qh5+ Kg8) 20. Bxg4 Nxg4 21. Ng5 {Accuracy: White = 71%, Black = 20%.} 1-0

[Event "3rd Sharjah Masters 2019"]
[Site "Sharjah"]
[Date "2019.03.22"]
[Round "1.16"]
[White "Chekh Adm Khedr, Aram"]
[Black "Idani, Pouya"]
[Result "0-1"]
[WhiteElo "2155"]
[BlackElo "2604"]
[Annotator "TA"]
[PlyCount "99"]
[EventDate "2019.03.22"]
[EventType "swiss"]
[EventCountry "UAE"]
[SourceTitle "playchess.com"]
[Source "ChessBase"]
[SourceQuality "1"]

{[%evp 11,99,21,32,32,32,7,5,1,10,0,0,4,25,-2,-7,-22,20,-34,-24,-62,-69,-86,-72,-97,-99,-114,-95,-206,-193,-214,-210,-200,-135,-156,-146,-148,-149,-151,-150,-219,-129,-222,-182,-172,-141,-171,-164,-170,-171,-172,-171,-170,-129,-150,-136,-140,-145,-140,-131,-148,-141,-171,-151,-181,-169,-198,-192,-204,-162,-170,0,-194,-195,-173,-177,-232,-188,-266,-273,-328,-300,-401,-392,-362,-386,-366,-372,-384,-353,-345]} 1. e4 g6 2. d4 Bg7 3. c4 e6 4. Nc3 Ne7 5. Nf3 d5 6. Bg5 {A40: Unusual replies to 1 d4} (6. e5 Nbc6 7. Be2 h6 8. O-O O-O 9. Re1 b6 10. cxd5 Nxd5 11. Nxd5 Qxd5 12. Bd3 {1-0 (60) Onischuk,A (2681)-Ipatov,A (2665) Saint Louis 2018}) 6... h6 {LiveBook: 4 Games} 7. Bxe7 Qxe7 8. cxd5 {White is slightly better.} exd5 9. Nxd5 Qxe4+ 10. Qe2 Qxe2+ 11. Bxe2 Kd8 12. Ne5 Rf8 $146 13. O-O c5 14. Rfd1 ({White should play} 14. Rac1 $11) 14... cxd4 15. Nf3 Nc6 $1 16. Rac1 Be6 17. Nf4 Bxa2 18. Bb5 Kc7 19. Bxc6 (19. Rd3 $17) 19... bxc6 $19 20. Nxd4 Rfd8 21. Nfe2 Kb7 22. Rd3 Rd5 23. Ra3 Bxd4 24. Rxa2 Bb6 {And now ...Rd2 would win.} 25. Kf1 (25. b3 $17 {was necessary.}) 25... Rad8 ({Better is} 25... Rd2 $19 {Threatens to win with ...Re8.} 26. Ke1 Rad8) 26. Ke1 (26. Nc3 $17 Rd3 27. Re1) 26... Ba5+ 27. Nc3 Re5+ 28. Kf1 Rd2 {[#] ...Bxc3 is the strong threat.} 29. b4 Rxa2 30. Nxa2 {[%mdl 4096] Endgame KRB-KRN} Bb6 31. Nc3 f5 32. Rd1 Kc7 33. g3 Re6 34. Rc1 Kd7 35. Rc2 Rd6 36. Ne2 g5 37. Rb2 Rd3 38. Kg2 Kd6 39. Nc1 Rd1 40. Ne2 Rd3 41. Nc1 $1 {[%cal Rc1d3]} Rd4 42. Ne2 Rc4 43. h3 (43. Kf1 $142) 43... Ke5 44. f4+ (44. Rb1 $142) 44... Ke4 ({Much less strong is} 44... gxf4 45. Nxf4 Be3 46. Ng6+ Ke4 47. h4 $17) 45. fxg5 hxg5 46. h4 gxh4 {Black is winning.} 47. gxh4 f4 48. Ng1 Rc3 {[#] ( -> ...Rg3+)} 49. Re2+ Kf5 {White must now prevent ...Rg3+.} 50. Nf3 {Precision: White = 23%, Black = 78%.} 0-1

[Event "3rd Sharjah Masters 2019"]
[Site "Sharjah"]
[Date "2019.03.22"]
[Round "1.17"]
[White "Gupta, Abhijeet"]
[Black "Jaeel Atharva"]
[Result "1-0"]
[WhiteElo "2602"]
[BlackElo "2145"]
[Annotator "TA"]
[PlyCount "77"]
[EventDate "2019.03.22"]
[EventType "swiss"]
[EventCountry "UAE"]
[SourceTitle "playchess.com"]
[Source "ChessBase"]
[SourceQuality "1"]

{[%evp 17,77,-6,5,-6,13,11,13,16,15,1,11,0,22,31,38,40,44,53,46,27,42,47,58,54,83,70,78,32,57,46,54,45,57,19,20,20,21,0,6,0,0,0,0,0,31,17,250,171,539,508,499,477,1652,1613,5381,2856,5787,1303,2374,2348,29996,29997]} 1. d4 Nf6 2. c4 e6 3. Nf3 d5 4. g3 Bb4+ 5. Nbd2 O-O 6. Bg2 b6 7. O-O Bb7 8. cxd5 exd5 9. Ne5 Nbd7 10. Qa4 {E16: Queen's Indian: 4 g3 Bb7 5 Bg2 Bb4+} Bd6 (10... Qe7 11. Ndf3 Bd6 12. Nxd7 Nxd7 13. Bf4 Bxf4 14. gxf4 c5 15. e3 Rfc8 16. Rfd1 c4 17. a3 Bc6 {0-1 (49) Melkumyan,H (2619)-Matlakov,M (2707) Karlsruhe 2017}) 11. Ndc4 Bxe5 12. Nxe5 {The position is equal.} Nxe5 13. dxe5 Nd7 14. Bf4 Qe7 15. Rad1 Nc5 $146 ({Predecessor:} 15... c6 16. e4 Nc5 {1-0 (31) Hansen,T (2463)-Yohan,J (2067) Bilbao 2016}) 16. Qa3 Qe6 17. b4 Nd7 18. Qb3 {[%cal Rg2d5]} Nxe5 {[#]} 19. e4 $1 {[%mdl 512]} Rfe8 (19... dxe4 20. Qxe6) 20. exd5 Qf5 21. Rfe1 Ng4 $1 22. Rxe8+ Rxe8 23. Qa4 {[%cal Ra4e8]} Ra8 24. Rd2 {[%cal Bd1d2,Bd2e2,Be2e3,Be3f3][%mdl 32]} Nf6 $1 {[%cal Rb7d5]} 25. Qd1 Qd7 26. Be5 Ne8 $1 27. Qh5 Qe7 28. Re2 $36 {[%mdl 2048] Black is under pressure.} Qxb4 {Hoping for ...Ba6.} 29. Be4 g6 30. Qf3 Ba6 31. Re3 {[%mdl 1024] White has compensation.} Qc4 $2 {[#]} (31... f5 $11 {and Black has nothing to worry.} 32. Bxf5 gxf5 33. Qxf5 Ng7 34. Bxg7 Kxg7) 32. h4 $1 $18 Qf1+ $2 (32... Rd8 {is tougher.}) 33. Kh2 {d6 is the strong threat.} Rd8 34. Qf4 Rd7 (34... Qc4 $142 35. h5 (35. Rf3 Rd7 $11) 35... Qc5) 35. Bc3 Rd8 36. Rf3 {[%csl Gf3][%cal Rf4f7]} Rd7 {[#]} 37. d6 (37. Bxg6 $142 $1 {[%mdl 512]} hxg6 (37... fxg6 38. Qf8#) 38. Qe5 Qxf2+ 39. Rxf2) 37... cxd6 38. Bd5 {[%cal Rd5f7]} Rc7 39. Bxf7+ {[%mdl 64] Double Attack. Accuracy: White = 70%, Black = 31%.} 1-0

[Event "3rd Sharjah Masters 2019"]
[Site "Sharjah"]
[Date "2019.03.22"]
[Round "1.18"]
[White "Franco Valencia, Angela"]
[Black "Pichot, Alan"]
[Result "0-1"]
[WhiteElo "2141"]
[BlackElo "2584"]
[Annotator "TA"]
[PlyCount "132"]
[EventDate "2019.03.22"]
[EventType "swiss"]
[EventCountry "UAE"]
[SourceTitle "playchess.com"]
[Source "ChessBase"]
[SourceQuality "1"]

{[%evp 18,132,22,1,8,2,0,6,32,22,54,53,45,35,37,26,87,-6,20,0,0,5,46,0,0,0,0,-13,-5,-63,0,0,0,0,0,0,0,0,0,-23,-15,-116,-125,-123,-113,-114,-120,-104,-104,-133,-133,-135,-129,-516,-516,-516,-511,-509,-509,-502,-494,-472,-465,-796,-779,-723,-633,-827,-786,-1391,-1611,-1431,-1410,-1626,-1419,-4854,-4353,-4559,-2578,-29973,-29974,-29974,-29975,-29975,-29976,-29976,-29962,-2833,0,-29976,-29976,-29976,-29976,-29976,-29977,-29976,-29973,-29972,-29974,-29976,-29974,-29972,-29968,-29978,-29980,-29980,-29980,-29982,-29983,-29983,-29984,-29984,-29985,-29985,-29986,-29986,-29987]} 1. e4 c5 2. Nf3 Nc6 3. d4 cxd4 4. Nxd4 Nf6 5. Nc3 d6 6. g3 e6 7. Bg2 Bd7 8. Nb3 Be7 9. O-O O-O 10. Kh1 a6 {B80: Sicilian Scheveningen: 6 g3 and 6 Be3, including English Attack} 11. f4 b5 12. a3 Qc7 {The position is equal.} 13. g4 d5 $146 ({Predecessor:} 13... Bc8 14. g5 Nd7 15. Qh5 g6 16. Qh6 Re8 17. Rf3 {½-½ (46) Baklan,V (2617)-Martin Duque,J (2340) La Roda 2016}) 14. exd5 Nxd5 15. Nxd5 exd5 16. Qxd5 Rfd8 (16... Rac8 $11 {keeps the balance.}) 17. Qf3 (17. f5 $16) 17... Rac8 18. Be3 b4 $1 19. Qf2 {Bb6 is the strong threat.} Rb8 20. f5 bxa3 21. bxa3 Ne5 22. g5 (22. Bf4 {feels hotter.} Bd6 23. Qg3 Bc6 24. Nd4 Bxg2+ 25. Kxg2 Qc5 26. Rad1) 22... Bd6 {Black wants to play ...Ng4.} 23. Bf4 ({Better is} 23. Qh4 $11) 23... Bxf5 (23... Bb5 $1 $15 24. Rfe1 Ng4 {[%mdl 64] Double Attack}) 24. Bxe5 Bxe5 25. Qxf5 {Hoping for Rae1.} Bxa1 26. Rxa1 Rb5 27. Qe4 Rxg5 28. Re1 {White threatens Qe8+! and mate.} g6 $40 {[%mdl 128] Black is up to no good.} 29. Qc6 (29. Rf1 $11) 29... Qxc6 $17 30. Bxc6 Rc8 31. Nd4 {[#]} Rc5 $1 {[%mdl 1024] Black has strong compensation.} 32. Bb7 Rd8 33. Nb3 Rxc2 34. Bxa6 Rc3 35. Na5 $2 {[%mdl 8192]} (35. Nc1 $17) 35... Ra8 $19 36. Bb5 {intending Nc4.} Rxa5 {[%mdl 4096] Endgame KRR-KRB} 37. a4 Rb3 38. Re5 Rb4 39. Kg2 Kg7 40. Re7 (40. Re2 $142) 40... Raxb5 41. axb5 Rxb5 {KR-KR} 42. Rc7 g5 43. h3 Kg6 44. Rc6+ f6 45. Rc2 h5 46. Rd2 g4 47. Ra2 Rb3 48. hxg4 hxg4 49. Rc2 Kg5 50. Rc5+ f5 51. Ra5 Kf4 52. Ra4+ Kg5 {[#]} (52... Ke5 $19 53. Ra5+ Kf4 54. Ra4+ Ke5 55. Ra5+ Kf6 56. Ra6+ Kg5) 53. Ra5 Re3 {Black mates.} 54. Kf2 Rf3+ 55. Kg2 Rd3 56. Rb5 Kf4 57. Rb4+ Ke5 58. Rb8 Ke4 59. Ra8 Ke3 60. Re8+ Kf4 61. Re2 g3 62. Kh3 Kf3 63. Ra2 f4 64. Rb2 Re3 65. Rb4 Re2 {[%csl Gg3][%cal Re2h2]} 66. Rb3+ Kf2 {Accuracy: White = 30%, Black = 74%.} 0-1